000 00848nam a2200241 a 4500
001 1355
003 BR-CuiBMT
005 20231205205601.0
008 231205s2008 mtb 000 0 por d
020 _a9788589898706
040 _aBR-CuiBMT
_cBR-CuiBMT
080 _a355.235
_22007
090 _a355.235
_bS216u
100 1 0 _aSandes, Wilquerson Felizardo
245 1 2 _aO uso legal da força na formação de jovens tenentes :
_bum desafio para a atuação democrática na Polícia Militar /
_cWilquerson Felizardo Sandes.
260 _aCáceres :
_bUnemat,
_c2008.
300 _a106 p. ;
_b22 cm
504 _aInclui bibliografia.
650 _aPolícia militar
_xFormação profissional
_zMato Grosso
650 _aPolícia militar
_xSistema de ensino
_zMato Grosso
650 _aOrganização do ensino militar
_zMato Grosso
942 _2udc
_cLV
999 _c1355
_d1355